[Event "FRA-chT4 0203"]
[Site "Champagne Ardenne"]
[Date "2003.04.06"]
[Round "7"]
[White "Piermee, Emilien"]
[Black "Guyot, Philippe1111"]
[Result "1/2-1/2"]
[WhiteElo "2161"]
[BlackElo "2066"]
[PlyCount "121"]
[EventDate "2002.10.02"]
[EventType "team"]
[EventRounds "7"]
[EventCountry "FRA"]
[SourceTitle "EXT 2005"]
[Source "ChessBase"]
[SourceDate "2004.11.15"]
[SourceVersion "1"]
[SourceVersionDate "2004.11.15"]
[SourceQuality "1"]

1. d4 Nf6 2. Nf3 e6 3. c4 c5 4. e3 Be7 5. Nc3 0-0 6. Bd3 b6 7. 0-0 Bb7 8. b3 d5 9. Bb2 Nbd7 10. cxd5 Nxd5 11. Nxd5 exd5 12. Rc1 Rc8 13. Qe2 Bf6 14. Rfd1 Re8 15. Bb5 Qe7 16. Ba3 Red8 17. Rc2 a6 18. Bxd7 Rxd7 19. Rdc1 Rdc7 20. Ne1 Qe4 21. dxc5 d4 22. exd4 Qxe2 23. Rxe2 Bxd4 24. Nd3 f6 25. cxb6 Rxc1+ 26. Nxc1 Bxb6 27. Re7 Rc7 28. Rxc7 Bxc7 29. Nd3 Be4 30. Nc5 Bb1 31. Nxa6 Be5 32. Nb4 Bc3 33. Nd5 Be5 34. Nb4 Bc3 35. Nc6 Bxa2 36. b4 Bc4 37. Na5 Bb5 38. Nb7 Be5 39. f3 Kf8 40. Kf2 Ke7 41. g3 h5 42. Ke3 h4 43. f4 hxg3 44. hxg3 Bc3 45. Nc5 f5 46. Nb3 Be1 47. Nd4 Bd7 48. b5+ Kd8 49. Kf3 Bc3 50. Ne2 Bf6 51. b6 Bc6+ 52. Ke3 g5 53. Bc5 Kc8 54. Bd4 Bd8 55. Bc5 Bf6 56. Nc1 Be4 57. Nb3 gxf4+ 58. Kxf4 Bc3 59. Nc1 Bd2+ 60. Be3 Bxc1 61. Bxc1 1/2-1/2